The delphic oracle

保存先:
書誌詳細
第一著者: Parke, H. W. (Herbert William) (著者)
フォーマット: 図書
言語:英語
出版事項: Oxford Basil Blackwell 1956
主題:
タグ: タグ追加
タグなし, このレコードへの初めてのタグを付けませんか!

MARC

LEADER 00000nam a2200000 a 4500
001 UCV8927
003 CL-VaPUC
008 920305e19560000UK |||||||||||||||||eng|d
082 0 4 |a 291.32  |b PAR  |2 21 
100 |a Parke, H. W.  |q (Herbert William)  |e author  |9 302907 
245 1 4 |a The delphic oracle 
300 |a 2 v 
942 |c BK 
945 |d 19920305 00:00:00 
260 |a Oxford  |b Basil Blackwell  |c 1956 
650 7 |a ORACULOS GRIEGOS  |2 CL-VaPUC  |9 267334 
583 |a last modification  |c 19920305 00:00:00  |k Rodrigo Vera 
999 |c 214343  |d 214341 
952 |0 0  |1 0  |4 0  |6 291_320000000000000_PAR_1956  |7 0  |8 P  |9 197605  |a BIBARQ  |b BIBARQ  |d 2019-11-14  |h v.1  |i 2652722  |o 291.32 PAR 1956  |p 2652722  |r 2025-01-20  |w 2019-11-14  |y BK  |k ARQ 
952 |0 0  |1 0  |4 0  |6 291_320000000000000_PAR_1956  |7 0  |8 P  |9 197606  |a BIBARQ  |b BIBARQ  |d 2019-11-14  |h v.2  |i 2652730  |o 291.32 PAR 1956  |p 2652730  |r 2025-01-20  |w 2019-11-14  |y BK  |k ARQ